01462 a2200265 4500003000500000005001700005010001600022020002400038020001700062040000900079082001700088100003100105245007700136250001200213260004900225300002900274505057400303650002500877650005200902650005100954650003401005942001201039999001901051952012601070Nust20221128142844.0 a 79025162 a0830611835 (pbk.) : a0830699503 : cNust00a621.3815,GOO1 aGoodman, Robert L.910370210aTroubleshooting microprocessors & digital logic /cby Robert L. Goodman. a1st ed. aBlue Ridge Summit, Pa. :bTab Books,cc1980. a307 p. :bill. ;c22 cm. aAn Introduction to Digital Logic Techniques (Page-11), Microcomputer Applications and Operations (Page-33) ,The Microprocessor and Its Support Device (Page-62), Using the Oscilloscope for Digital Troubleshooting (Page-85), Using Logic Probes for Digital Circuit Troubleshooting (Page-123), Selected ICs Found Consumer Products (Page-1157), TV Electronic Tuning Systems (Page-188), Video Cassette Recorder and Videodisc Player Servicing (Page-215), Radio Shacks Trs-80 Microcomputer (Page-234), Troubleshooting Microprocessor Systems (Page-260), Video Games (Page-281).  0aDigital electronics. 0aLogic circuitsxMaintenance and repair.9103704 0aMicrocomputersxMaintenance and repair.936710 0aTelecommunication engineering 2ddccBK c182092d182092 00102ddc4070aMCSbMCScGENd2016-12-12o621.3815,GOOpMCS27671r2016-12-08w2016-12-12yBKzAlmirah No.32, Shelf No.6